"Royal" Musicians - Statistics

General Stats
  • This quiz has been taken 102 times
  • The average score is 7 of 18
Answer Stats
Song Artist % Correct
Bohemian Rhapsody Queen
100%
Poker Face Lady Gaga
89%
When Doves Cry Prince
83%
The Thrill is Gone B. B. King
82%
Stand By Me Ben E. King
82%
Use Somebody Kings of Leon
45%
Ladies First Queen Latifah
40%
Louie Louie The Kingsmen
28%
Take the "A" Train Duke Ellington
24%
21st Century Schizoid Man King Crimson
20%
Silent Lucidity Queensryche
15%
You Think I Ain't Worth a Dollar, but I Feel Like a Millionaire Queens of the Stone Age
14%
One O'Clock Jump Count Basie
11%
Psychotic Reation Count Five
10%
Tom Dooley The Kingston Trio
9%
Dancing in the Moonlight King Harvest
8%
Journey to the Center of the Mind The Amboy Dukes
7%
Snoopy vs. the Red Baron The Royal Guardsmen
7%
No matching quizzes found
Score Distribution
Percent of People with Each Score
Percentile by Number Answered
Your Score History
You have not taken this quiz